000 00289nam a22001337a 4500
008 170802b xxu||||| |||| 00| 0 eng d
020 _a9780618074334
041 _aeng
080 _a004
100 _a32
101 _aSHK
245 _aDESIGNING WEB SITES
_cJOHNSON,J
942 _2udc
_cBK
999 _c22546
_d22546